[Event "2. Bundesliga West 2009/20010"]
[Site "Bregenz"]
[Date "2009.10.24"]
[Round "2"]
[Board "2"]
[White "Szakolczai, Peter"]
[Black "Poettinger, Harald"]
[Result "1/2-1/2"]
[WhiteElo "2275"]
[BlackElo "2196"]
[PlyCount "68"]
[EventDate "2009.10.23"]
[EventType "team"]
[EventRounds "11"]
[EventCountry "AUT"]
[WhiteTeam "Dornbirn"]
[BlackTeam "Bregenz"]

1.c4 e5 2.g3 d6 3.Bg2 f5 4.Nc3 Nf6 5.d4 Be7 6.Nh3 O-O 7.O-O Qe8 8.dxe5 dxe5
9.Nd5 Bd8 10.Bg5 Nbd7 11.Rc1 c6 12.Nc3 h6 13.Bd2 e4 14.Bf4 Ne5 15.Bxe5 Qxe5
16.Nf4 Kh7 17.e3 Be7 18.Qc2 g5 19.Nfe2 Be6 20.b3 c5 21.Rcd1 Rad8 22.h3 h5 23.Kh1
Kh6 24.Ng1 b6 25.Nce2 a6 26.f4 exf3 27.Nxf3 Qxe3 28.Rde1 Ne4 29.Kh2 Qd3 30.Qc1
Kg7 31.Ne5 Qd2 32.Nc6 Qxc1 33.Nxc1 Rde8 34.Nxe7 Rxe7

[Event "2. Bundesliga West 2009/20010"]
[Site "Bregenz"]
[Date "2009.10.24"]
[Round "2"]
[Board "3"]
[White "Bezler, Rainer"]
[Black "Novkovic, Julia"]
[Result "1-0"]
[WhiteElo "2292"]
[BlackElo "2116"]
[PlyCount "87"]
[EventDate "2009.10.23"]
[EventType "team"]
[EventRounds "11"]
[EventCountry "AUT"]
[WhiteTeam "Bregenz"]
[BlackTeam "Dornbirn"]

1.e4 c5 2.Nf3 Nc6 3.d4 cxd4 4.Nxd4 Nf6 5.Nc3 d6 6.Be3 Ng4 7.Bg5 Qb6 8.Nce2 e5
9.f3 exd4 10.fxg4 Bxg4 11.h3 Bxe2 12.Bxe2 Be7 13.Bxe7 Nxe7 14.Qd2 Qxb2 15.O-O
Qc3 16.Qxc3 dxc3 17.Rab1 O-O 18.Rxb7 Ng6 19.Bc4 Ne5 20.Bd5 a5 21.Rfb1 Rac8
22.Ra7 Rc5 23.Rb6 Nc4 24.Rbb7 Ne5 25.Ra6 g6 26.Rxd6 Kg7 27.Re7 Nc4 28.Ra6 Ne3
29.Bb3 Kh6 30.Raa7 Kg5 31.Kf2 Nc4 32.Rxf7 Rxf7+ 33.Rxf7 h5 34.g3 h4 35.Rd7 hxg3+
36.Kxg3 Nb6 37.h4+ Kh6 38.Rb7 Nc4 39.Kf4 Nd2 40.Be6 g5+ 41.hxg5+ Rxg5 42.Bf5 Rg7
43.Rb6+ Kh5 44.Rb8

[Event "2. Bundesliga West 2009/20010"]
[Site "Bregenz"]
[Date "2009.10.24"]
[Round "2"]
[Board "4"]
[White "Karrer, Damian"]
[Black "Hugentobler, Patrick"]
[Result "1-0"]
[WhiteElo "2159"]
[BlackElo "2253"]
[PlyCount "51"]
[EventDate "2009.10.23"]
[EventType "team"]
[EventRounds "11"]
[EventCountry "AUT"]
[WhiteTeam "Dornbirn"]
[BlackTeam "Bregenz"]

1.e4 Nf6 2.e5 Nd5 3.Nc3 Nxc3 4.bxc3 c5 5.d4 d5 6.Nf3 Bg4 7.Rb1 Qd7 8.c4 e6
9.cxd5 exd5 10.Be2 Nc6 11.O-O Be7 12.c3 O-O 13.Bf4 a6 14.c4 cxd4 15.Nxd4 Bxe2
16.Nxe2 d4 17.Nc3 Na5 18.Nd5 Bc5 19.Qf3 Nxc4 20.Rxb7 Qa4 21.Rfb1 Rac8 22.Qg3 Qc6
23.Nf6+ Kh8 24.Bh6 Rg8 25.Nxg8 Rxg8 26.Bxg7+

[Event "2. Bundesliga West 2009/20010"]
[Site "Bregenz"]
[Date "2009.10.24"]
[Round "2"]
[Board "5"]
[White "Heilinger, Dietmar"]
[Black "Natter, Markus"]
[Result "1-0"]
[WhiteElo "2133"]
[BlackElo "2185"]
[PlyCount "39"]
[EventDate "2009.10.23"]
[EventType "team"]
[EventRounds "11"]
[EventCountry "AUT"]
[WhiteTeam "Bregenz"]
[BlackTeam "Dornbirn"]

1.c4 b6 2.e4 Bb7 3.Nc3 e6 4.Nf3 Bb4 5.Bd3 Ne7 6.a3 Bxc3 7.dxc3 d6 8.Bg5 f6 9.Be3
e5 10.Nh4 O-O 11.c5 d5 12.exd5 Qxd5 13.Qe2 Kh8 14.O-O-O e4 15.Bc4 Qe5 16.g3 Bd5
17.f4 Qe6 18.Rxd5 Nxd5 19.Qh5 Nxf4 20.Ng6+

[Event "2. Bundesliga West 2009/20010"]
[Site "Bregenz"]
[Date "2009.10.24"]
[Round "2"]
[Board "6"]
[White "Langwieser, Alexander"]
[Black "Juen, Leopold"]
[Result "0-1"]
[WhiteElo "2049"]
[BlackElo "1991"]
[PlyCount "124"]
[EventDate "2009.10.23"]
[EventType "team"]
[EventRounds "11"]
[EventCountry "AUT"]
[WhiteTeam "Dornbirn"]
[BlackTeam "Bregenz"]

1.e4 e5 2.Nf3 Nc6 3.d4 exd4 4.c3 dxc3 5.Bc4 Nf6 6.e5 d5 7.Bb3 cxb2 8.Bxb2 Bb4+
9.Nbd2 Ne4 10.O-O Bg4 11.Qc2 Nxd2 12.Nxd2 Qg5 13.f4 Qf5 14.Qc1 Qd3 15.Nf3 O-O-O
16.Ba4 Ne7 17.a3 Ba5 18.Kh1 Nf5 19.Bc2 Qc4 20.Bxf5+ Bxf5 21.Qe3 Bb6 22.Bd4 Kb8
23.Rfc1 Qd3 24.Qf2 Bg4 25.Bxb6 cxb6 26.Rd1 Qb5 27.a4 Qc5 28.Qg3 Bxf3 29.Qxf3
Rhe8 30.Rac1 Qa5 31.f5 Rxe5 32.Qg3 Rde8 33.h3 g6 34.fxg6 hxg6 35.Qf4 f5 36.Kh2
a6 37.Re1 d4 38.Red1 Ka7 39.Qxd4 Re2 40.Rc7 R8e7 41.Rc8 Re8 42.Rc7 R2e7 43.Rc3
Re4 44.Qg7 R4e7 45.Qd4 g5 46.Rb3 Re4 47.Qg7 Qe5+ 48.Qxe5 R8xe5 49.Rdb1 Re6 50.a5
b5 51.Rd1 Re3 52.Rbb1 Re2 53.Rd5 R2e5 54.Rd7 Re7 55.Rd8 b4 56.Rg8 f4 57.Rxb4
Rxa5 58.h4 Rh7 59.Kg1 gxh4 60.Kf2 Ra1 61.Rxf4 a5 62.Rgg4 h3

[Event "2. Bundesliga West 2009/20010"]
[Site "Bregenz"]
[Date "2009.10.24"]
[Round "2"]
[Board "1"]
[White "Dobosz, Henryk"]
[Black "Froewis, Georg"]
[Result "1/2-1/2"]
[WhiteElo "2404"]
[BlackElo "2220"]
[PlyCount "61"]
[EventDate "2009.10.23"]
[EventType "team"]
[EventRounds "11"]
[EventCountry "AUT"]
[WhiteTeam "Goetzis"]
[BlackTeam "Hohenems II"]

1.Nf3 d5 2.g3 Nf6 3.Bg2 c6 4.O-O Bf5 5.d3 Nbd7 6.b3 e6 7.Bb2 Bc5 8.c4 O-O 9.Nc3
Qe7 10.Nh4 Bg6 11.a3 Rad8 12.Nxg6 hxg6 13.b4 Bb6 14.cxd5 exd5 15.Qc2 Rfe8
16.Rae1 Ne5 17.Na4 Bc7 18.Nc5 Bd6 19.Bd4 Qc7 20.e4 Bxc5 21.Bxc5 dxe4 22.dxe4 Nd3
23.Re3 Nxc5 24.Qxc5 Nd7 25.Qc3 Ne5 26.h3 Qb6 27.Kh2 Rd4 28.f4 Nc4 29.Re2 Red8
30.e5 Nd2 31.Rff2

[Event "2. Bundesliga West 2009/20010"]
[Site "Bregenz"]
[Date "2009.10.24"]
[Round "2"]
[Board "2"]
[White "Novkovic, Milan"]
[Black "Eisenbeiser, Amadeus"]
[Result "1/2-1/2"]
[WhiteElo "2393"]
[BlackElo "2390"]
[PlyCount "60"]
[EventDate "2009.10.23"]
[EventType "team"]
[EventRounds "11"]
[EventCountry "AUT"]
[WhiteTeam "Hohenems II"]
[BlackTeam "Goetzis"]

1.d4 d6 2.Nf3 g6 3.c4 Bg7 4.Nc3 e5 5.dxe5 dxe5 6.Qxd8+ Kxd8 7.Bd2 Be6 8.O-O-O
Ke8 9.e3 Ne7 10.Nb5 Na6 11.Bc3 f6 12.Be2 Nc8 13.Nd2 c6 14.Na3 Nd6 15.b4 Nc7
16.Nb3 Rd8 17.Na5 Bc8 18.Bb2 Nf7 19.Nc2 Ne6 20.c5 Ke7 21.g3 Rxd1+ 22.Rxd1 Rd8
23.f4 Rxd1+ 24.Kxd1 Kd7 25.Nc4 Kc7 26.a4 Nf8 27.fxe5 fxe5 28.Kd2 Be6 29.Ne1 Nd7
30.Nf3 Bf6

[Event "2. Bundesliga West 2009/20010"]
[Site "Bregenz"]
[Date "2009.10.24"]
[Round "2"]
[Board "3"]
[White "Schmidlechner, Alexander"]
[Black "Amann, Guenter"]
[Result "0-1"]
[WhiteElo "2190"]
[BlackElo "2293"]
[PlyCount "56"]
[EventDate "2009.10.23"]
[EventType "team"]
[EventRounds "11"]
[EventCountry "AUT"]
[WhiteTeam "Goetzis"]
[BlackTeam "Hohenems II"]

1.d4 e6 2.c4 d5 3.Nc3 c6 4.Nf3 Nf6 5.Bg5 dxc4 6.e4 b5 7.e5 h6 8.Bh4 g5 9.Nxg5
hxg5 10.Bxg5 Nbd7 11.exf6 Bb7 12.g3 c5 13.d5 Nxf6 14.Bg2 Be7 15.Nxb5 Nxd5
16.Bxe7 Kxe7 17.O-O Qb6 18.Na3 Rh4 19.Qd2 Nf4 20.Nxc4 Qa6 21.Bxb7 Nh3+ 22.Kg2
Qxb7+ 23.f3 Rd8 24.Qc3 Rxc4 25.Qxc4 Qxb2+ 26.Kxh3 Rh8+ 27.Kg4 f5+ 28.Kg5 Rg8+

[Event "2. Bundesliga West 2009/20010"]
[Site "Bregenz"]
[Date "2009.10.24"]
[Round "2"]
[Board "4"]
[White "Atlas, Dimitry"]
[Black "Scheffknecht, Philipp"]
[Result "1/2-1/2"]
[WhiteElo "2330"]
[BlackElo "2163"]
[PlyCount "108"]
[EventDate "2009.10.23"]
[EventType "team"]
[EventRounds "11"]
[EventCountry "AUT"]
[WhiteTeam "Hohenems II"]
[BlackTeam "Goetzis"]

1.e4 c5 2.c3 d5 3.exd5 Qxd5 4.d4 Nc6 5.Nf3 Bg4 6.Be2 cxd4 7.cxd4 e6 8.Nc3 Qa5
9.h3 Bh5 10.O-O Nf6 11.a3 Bd6 12.Be3 O-O 13.b4 Qd8 14.Qb3 h6 15.Rad1 Ne7 16.g4
Bg6 17.Ne5 Bh7 18.Bf3 Rb8 19.Bf4 b5 20.h4 Rb6 21.g5 hxg5 22.hxg5 Nd7 23.a4 bxa4
24.Qxa4 Nb8 25.b5 a6 26.bxa6 Rxa6 27.Qc4 Qc7 28.Qxc7 Bxc7 29.Be2 Ra8 30.Nb5 Bb6
31.Nc4 Nd7 32.Bd6 Bd8 33.Ra1 Be4 34.Ne5 Nxe5 35.dxe5 Re8 36.Rxa8 Bxa8 37.Nc7
Bxc7 38.Bxc7 Nd5 39.Bd6 Nf4 40.Bg4 Kh7 41.Ra1 Kg6 42.Kh2 Kxg5 43.Kg3 Nh5+
44.Bxh5 Kxh5 45.Ra7 Kg6 46.Ra4 Bd5 47.Rg4+ Kh7 48.Rh4+ Kg8 49.Rb4 Rc8 50.Rb8
Rxb8 51.Bxb8 Kh7 52.Bd6 f6 53.exf6 gxf6 54.f4 Kg6

[Event "2. Bundesliga West 2009/20010"]
[Site "Bregenz"]
[Date "2009.10.24"]
[Round "2"]
[Board "5"]
[White "Laske, Erich"]
[Black "Sandholzer, Robert"]
[Result "1-0"]
[WhiteElo "2076"]
[BlackElo "2104"]
[PlyCount "93"]
[EventDate "2009.10.23"]
[EventType "team"]
[EventRounds "11"]
[EventCountry "AUT"]
[WhiteTeam "Goetzis"]
[BlackTeam "Hohenems II"]

1.c4 e6 2.Nf3 d5 3.d4 c6 4.Nbd2 Nf6 5.e3 a6 6.Bd3 dxc4 7.Bxc4 b5 8.Bb3 c5 9.O-O
Bb7 10.a4 Nbd7 11.Qe2 Qb6 12.axb5 axb5 13.Rxa8+ Bxa8 14.Bc2 Be7 15.dxc5 Nxc5
16.Nd4 b4 17.Nc4 Qb7 18.f3 O-O 19.b3 Rd8 20.Bb2 Nd5 21.Ra1 Qc7 22.Nb5 Qb8 23.Nd4
Bf6 24.Qe1 e5 25.Nf5 e4 26.Bxf6 Nxf6 27.f4 g6 28.Qh4 Nh5 29.Qg5 Ne6 30.Qh4 Nhg7
31.Nh6+ Kh8 32.Nxf7+ Kg8 33.Nxd8 Nxd8 34.Qe7 Nf5 35.Qe8+ Kg7 36.Qe5+ Qxe5
37.fxe5 Bd5 38.Ra7+ Kh6 39.Rd7 Bxc4 40.Rxd8 Nxe3 41.bxc4 Nxc2 42.e6 e3 43.Kf1 b3
44.e7 b2 45.Rb8 e2+ 46.Kxe2 Nd4+ 47.Kd3

[Event "2. Bundesliga West 2009/20010"]
[Site "Bregenz"]
[Date "2009.10.24"]
[Round "2"]
[Board "6"]
[White "Hillbrand, Johannes"]
[Black "Kranz, Armin"]
[Result "0-1"]
[WhiteElo "1929"]
[BlackElo "2111"]
[PlyCount "106"]
[EventDate "2009.10.23"]
[EventType "team"]
[EventRounds "11"]
[EventCountry "AUT"]
[WhiteTeam "Hohenems II"]
[BlackTeam "Goetzis"]

1.e4 e5 2.Nf3 Nf6 3.Nxe5 d6 4.Nf3 Nxe4 5.Nc3 Nxc3 6.dxc3 Be7 7.Be3 Nd7 8.Be2 O-O
9.Qd2 Ne5 10.Nxe5 dxe5 11.O-O-O Be6 12.Qxd8 Rfxd8 13.Bf3 Rxd1+ 14.Rxd1 c6 15.Kb1
f5 16.g3 g5 17.Bg2 g4 18.b3 a6 19.c4 Kf7 20.f3 h5 21.f4 e4 22.Bb6 h4 23.c3 Rh8
24.Rh1 c5 25.Kc2 Rc8 26.Rd1 Ke8 27.a4 Rc6 28.a5 Bf7 29.h3 gxh3 30.Bxh3 Be6
31.Rg1 hxg3 32.Rxg3 Kf7 33.Bf1 Bd7 34.Rh3 Kg7 35.Be2 Be8 36.Rg3+ Rg6 37.Rxg6+
Bxg6 38.Bc7 Kh6 39.Kd2 Bh5 40.Bxh5 Kxh5 41.Ke3 Kg4 42.Be5 Bd8 43.b4 Be7 44.b5
Kh5 45.Bc7 Kg6 46.Be5 Kf7 47.Bc7 Ke6 48.Bb6 Kd6 49.Ba7 Bd8 50.b6 Kd7 51.Bb8 Bxb6
52.axb6 a5 53.Be5 a4

[Event "2. Bundesliga West 2009/20010"]
[Site "Braunau"]
[Date "2009.10.24"]
[Round "2"]
[Board "1"]
[White "Krstic, Uros"]
[Black "Prusikin, Michael"]
[Result "1/2-1/2"]
[WhiteElo "2377"]
[BlackElo "2534"]
[PlyCount "65"]
[EventDate "2009.10.23"]
[EventType "team"]
[EventRounds "11"]
[EventCountry "AUT"]
[WhiteTeam "Sparkasse Schwarzach"]
[BlackTeam "Wuestenrot Sbg SIR"]

1.e4 e6 2.d4 d5 3.Nd2 Be7 4.c3 c5 5.exd5 Qxd5 6.Ngf3 cxd4 7.Nxd4 Nf6 8.Qf3 O-O
9.Bc4 Qxf3 10.N2xf3 b6 11.Bg5 Bb7 12.O-O-O Re8 13.Bb3 Na6 14.Rhe1 Nc5 15.Bc2 h6
16.Bf4 g5 17.Be3 Ng4 18.h3 Nxe3 19.Rxe3 Red8 20.b4 Nd7 21.Nf5 Bf8 22.Red3 exf5
23.Rxd7 Rxd7 24.Rxd7 Bxf3 25.gxf3 Rc8 26.Kd2 Bg7 27.Rd3 Be5 28.Bb3 Kg7 29.Bd5 a5
30.bxa5 bxa5 31.c4 Bd6 32.Rb3 Rb8 33.Rxb8

[Event "2. Bundesliga West 2009/20010"]
[Site "Braunau"]
[Date "2009.10.24"]
[Round "2"]
[Board "2"]
[White "Bromberger, Stefan"]
[Black "Danner, Georg"]
[Result "1-0"]
[WhiteElo "2510"]
[BlackElo "2450"]
[PlyCount "55"]
[EventDate "2009.10.23"]
[EventType "team"]
[EventRounds "11"]
[EventCountry "AUT"]
[WhiteTeam "Wuestenrot Sbg SIR"]
[BlackTeam "Sparkasse Schwarzach"]

1.e4 c5 2.Nf3 Nc6 3.d4 cxd4 4.Nxd4 Nf6 5.Nc3 d6 6.Bg5 e6 7.Qd2 a6 8.O-O-O h6
9.Nxc6 bxc6 10.Bf4 d5 11.Qe3 Be7 12.Be2 O-O 13.h4 Qa5 14.e5 Nh7 15.Bxh6 Rd8
16.Bd3 f5 17.exf6 Nxf6 18.Qg3 Bf8 19.Bg5 Bd6 20.f4 Rf8 21.h5 Ra7 22.h6 d4 23.Nb1
Nd5 24.Bh7+ Kh8 25.hxg7+ Rxg7 26.Bg6+ Kg8 27.Qh4 Bxf4+ 28.Bxf4

[Event "2. Bundesliga West 2009/20010"]
[Site "Braunau"]
[Date "2009.10.24"]
[Round "2"]
[Board "3"]
[White "Hecht, Hans-Joachim"]
[Black "Pitl, Gregory"]
[Result "1/2-1/2"]
[WhiteElo "2381"]
[BlackElo "2405"]
[PlyCount "59"]
[EventDate "2009.10.23"]
[EventType "team"]
[EventRounds "11"]
[EventCountry "AUT"]
[WhiteTeam "Sparkasse Schwarzach"]
[BlackTeam "Wuestenrot Sbg SIR"]

1.d4 Nf6 2.c4 c5 3.d5 e6 4.Nc3 exd5 5.cxd5 d6 6.Nf3 g6 7.g3 Bg7 8.Bg2 O-O 9.O-O
a6 10.a4 Re8 11.Nd2 Nbd7 12.h3 Rb8 13.Nc4 Ne5 14.Na3 Nh5 15.Bd2 f5 16.Rb1 Qc7
17.Kh2 Bd7 18.b4 b5 19.axb5 axb5 20.Qb3 Rec8 21.Rfc1 Nc4 22.Nxc4 bxc4 23.Qxc4
cxb4 24.Qxc7 Rxc7 25.Na2 Ra7 26.Rxb4 Re8 27.Nc3 Rc7 28.Na2 Ra7 29.Nc3 Rc7 30.Na2

[Event "2. Bundesliga West 2009/20010"]
[Site "Braunau"]
[Date "2009.10.24"]
[Round "2"]
[Board "4"]
[White "Pflug, Mathias"]
[Black "Brumen, Dinko"]
[Result "1-0"]
[WhiteElo "2270"]
[BlackElo "2342"]
[PlyCount "71"]
[EventDate "2009.10.23"]
[EventType "team"]
[EventRounds "11"]
[EventCountry "AUT"]
[WhiteTeam "Wuestenrot Sbg SIR"]
[BlackTeam "Sparkasse Schwarzach"]

1.e4 c5 2.Nf3 Nc6 3.d4 cxd4 4.Nxd4 e5 5.Nb5 d6 6.N1c3 a6 7.Na3 b5 8.Nd5 Nce7
9.c4 Nxd5 10.exd5 bxc4 11.Nxc4 Be7 12.Bd2 a5 13.Qa4+ Bd7 14.Qa3 a4 15.Bb4 Nf6
16.Bxd6 Nxd5 17.Bxe7 Qxe7 18.Nd6+ Kf8 19.Bc4 Be6 20.O-O-O Nf4 21.g3 Ng6 22.Bxe6
Qxe6 23.f4 Ne7 24.fxe5 Kg8 25.Rhf1 Rf8 26.Kb1 Nc6 27.Nf5 Qxe5 28.Rc1 Qe4+ 29.Ka1
Nb4 30.Rc4 Qe2 31.Qf3 Qe5 32.Rxb4 g6 33.Rb5 Qxb5 34.Ne7+ Kg7 35.Qf6+ Kh6 36.Nf5+

[Event "2. Bundesliga West 2009/20010"]
[Site "Braunau"]
[Date "2009.10.24"]
[Round "2"]
[Board "5"]
[White "Ljubic, Juro"]
[Black "Huch, Reiner"]
[Result "0-1"]
[WhiteElo "2237"]
[BlackElo "2287"]
[PlyCount "61"]
[EventDate "2009.10.23"]
[EventType "team"]
[EventRounds "11"]
[EventCountry "AUT"]
[WhiteTeam "Sparkasse Schwarzach"]
[BlackTeam "Wuestenrot Sbg SIR"]

1.e4 e6 2.d4 d5 3.exd5 exd5 4.Bd3 Bd6 5.Ne2 Qh4 6.Nbc3 c6 7.Be3 Nh6 8.g3 Qf6
9.Qd2 Ng4 10.Nf4 Nxe3 11.fxe3 O-O 12.O-O-O Bf5 13.Nfe2 Qg6 14.Bxf5 Qxf5 15.e4
Qe6 16.Nf4 Qe7 17.Rhe1 Nd7 18.Kb1 Nb6 19.a3 Nc4 20.Qd3 b5 21.e5 Bxa3 22.Ncxd5
cxd5 23.bxa3 Nxa3+ 24.Ka2 b4 25.Qb3 Rfc8 26.Nxd5 Qe6 27.Nxb4 Nxc2 28.Qxe6 Nxb4+
29.Kb3 fxe6 30.Kxb4 Rab8+ 31.Ka3

[Event "2. Bundesliga West 2009/20010"]
[Site "Braunau"]
[Date "2009.10.24"]
[Round "2"]
[Board "1"]
[White "Medvegy, Zoltan"]
[Black "Westermeier, Arnulf"]
[Result "1-0"]
[WhiteElo "2547"]
[BlackElo "2277"]
[PlyCount "193"]
[EventDate "2009.10.23"]
[EventType "team"]
[EventRounds "11"]
[EventCountry "AUT"]
[WhiteTeam "ATSV Ranshofen"]
[BlackTeam "ASK Salzburg"]

1.d4 d5 2.c4 e6 3.Nc3 Nf6 4.cxd5 exd5 5.Bg5 Nbd7 6.e3 Be7 7.Bd3 O-O 8.Nf3 Re8
9.Qc2 Nf8 10.h3 Be6 11.Bf4 c6 12.Bh2 Bd6 13.Ne5 Qe7 14.O-O N6d7 15.Rab1 Nb6
16.a3 f6 17.Nf3 Bxh2+ 18.Kxh2 a5 19.Kg1 Bf7 20.Nh4 g6 21.b4 axb4 22.Rxb4 Nc8
23.Rfb1 Nd6 24.a4 Ra5 25.Nf3 Ne6 26.Nd2 Kg7 27.Rb6 Ra7 28.Qb2 g5 29.Qb4 Nd8
30.Qc5 Nc8 31.Qxe7 Rxe7 32.R6b4 Nd6 33.Rb6 Nc8 34.R6b4 Nd6 35.R1b2 Bg6 36.Bf1 h5
37.g3 Bf7 38.Kg2 Bg6 39.Kg1 Bf7 40.Kg2 Bg6 41.Rb6 Nc8 42.R6b3 Nd6 43.Ra2 Bf7
44.Rba3 Ne6 45.a5 Nd8 46.Ra1 Ne6 47.Kg1 Re8 48.Ra4 Rea8 49.Be2 Bg6 50.Kf1 Kh6
51.R1a2 Kg7 52.Kg2 Kf8 53.g4 hxg4 54.hxg4 Kg7 55.f3 Re8 56.Nf1 Nc7 57.Kf2 Ne6
58.Ng3 Rh8 59.Bf1 Rh2+ 60.Kg1 Rxa2 61.Rxa2 Nc7 62.Kf2 Ne6 63.Be2 Kf7 64.Ke1 Kg7
65.Kd2 Ra8 66.Ra4 Ra7 67.Ra2 Ra8 68.Ra4 Ra7 69.Nh1 Ra8 70.Ra2 Ra7 71.Nf2 Ra8
72.Nfd1 Ra7 73.Nb2 Ra8 74.Ra4 Ra7 75.Ra2 Ra8 76.Bd3 Bxd3 77.Kxd3 Kg6 78.Ra4 Ra6
79.Kd2 Ra8 80.Ke2 Rh8 81.a6 b5 82.Ra1 Ra8 83.Nd3 Nc4 84.Nb4 Nd8 85.e4 dxe4
86.Nxe4 Ne3 87.Kd3 Nd5 88.Nxd5 cxd5 89.Nc3 Nc6 90.Nxd5 Ra7 91.Kc3 f5 92.Nb4 Nb8
93.d5 fxg4 94.fxg4 Kf6 95.Kd4 Nd7 96.Nc6 Ra8 97.a7

[Event "2. Bundesliga West 2009/20010"]
[Site "Braunau"]
[Date "2009.10.24"]
[Round "2"]
[Board "2"]
[White "Juergens, Klaus"]
[Black "Konnyu, Janos"]
[Result "0-1"]
[WhiteElo "2162"]
[BlackElo "2401"]
[PlyCount "120"]
[EventDate "2009.10.23"]
[EventType "team"]
[EventRounds "11"]
[EventCountry "AUT"]
[WhiteTeam "ASK Salzburg"]
[BlackTeam "ATSV Ranshofen"]

1.e4 c5 2.Nc3 Nc6 3.g3 g6 4.Bg2 Bg7 5.d3 d6 6.Be3 e6 7.Qd2 Rb8 8.Nf3 Nd4 9.Bxd4
cxd4 10.Nb5 Ne7 11.Nbxd4 Nc6 12.Nxc6 bxc6 13.c3 Qa5 14.O-O Ba6 15.Rfd1 O-O 16.b4
Qa3 17.d4 c5 18.Rab1 Bc4 19.Bf1 Bxf1 20.Rb3 Qa4 21.Rxf1 cxb4 22.cxb4 Rfc8
23.Rfb1 Rc4 24.a3 Rbc8 25.e5 Qc6 26.Qe3 Qd5 27.Rd3 Rc2 28.Rbd1 Ra2 29.Rc3 Rxc3
30.Qxc3 Bxe5 31.Nxe5 dxe5 32.Qc8+ Kg7 33.Qc5 e4 34.Rc1 e3 35.Qxd5 exf2+ 36.Kf1
exd5 37.Rc5 Rxa3 38.Kxf2 Ra4 39.Rxd5 Rxb4 40.Ke3 Ra4 41.Rd7 Kf6 42.Rc7 a5 43.Ra7
Ke6 44.g4 h6 45.Ke4 Ra2 46.d5+ Kf6 47.Ra6+ Kg5 48.h3 a4 49.d6 Rd2 50.Ra5+ Kf6
51.Rd5 Rxd5 52.Kxd5 a3 53.Kc6 a2 54.d7 a1=Q 55.d8=Q+ Kg7 56.Qd3 Qe5 57.Qf3 Qf6+
58.Qxf6+ Kxf6 59.Kd5 Kg5 60.Ke5 Kh4

[Event "2. Bundesliga West 2009/20010"]
[Site "Braunau"]
[Date "2009.10.24"]
[Round "2"]
[Board "3"]
[White "Webersberger, Johann"]
[Black "Loeffler, Christoph"]
[Result "1/2-1/2"]
[WhiteElo "2367"]
[BlackElo "2163"]
[PlyCount "95"]
[EventDate "2009.10.23"]
[EventType "team"]
[EventRounds "11"]
[EventCountry "AUT"]
[WhiteTeam "ATSV Ranshofen"]
[BlackTeam "ASK Salzburg"]

1.Nf3 d5 2.c4 e6 3.d4 Nf6 4.g3 Be7 5.Bg2 O-O 6.O-O dxc4 7.Qc2 a6 8.Qxc4 b5 9.Qc2
Bb7 10.Bd2 Be4 11.Qc1 Nbd7 12.Ba5 Ra7 13.Nbd2 Ba8 14.a3 Ne4 15.Nxe4 Bxe4 16.Qf4
Nf6 17.Ne5 Bxg2 18.Kxg2 Bd6 19.Rac1 Qa8+ 20.Qf3 Bxe5 21.Qxa8 Rfxa8 22.dxe5 Nd5
23.Rc6 Ne7 24.Rxc7 Rxc7 25.Bxc7 Rc8 26.Ba5 Rc4 27.b3 Rc2 28.Rd1 Nc6 29.Bc7 Kf8
30.e3 Ke8 31.Rd3 a5 32.Bd6 b4 33.axb4 axb4 34.Kf3 Rb2 35.g4 Rc2 36.h4 Rc1 37.h5
Rf1 38.Ke2 Rb1 39.e4 Rb2+ 40.Ke3 Rb1 41.f3 Rb2 42.Kf4 Rc2 43.g5 Rh2 44.Rd1 Rb2
45.Rd3 Rh2 46.Bc5 Rc2 47.Bd6 Rh2 48.Bc5

[Event "2. Bundesliga West 2009/20010"]
[Site "Braunau"]
[Date "2009.10.24"]
[Round "2"]
[Board "4"]
[White "Navratil, Robert"]
[Black "Menacher, Manfred"]
[Result "0-1"]
[WhiteElo "2112"]
[BlackElo "2274"]
[PlyCount "56"]
[EventDate "2009.10.23"]
[EventType "team"]
[EventRounds "11"]
[EventCountry "AUT"]
[WhiteTeam "ASK Salzburg"]
[BlackTeam "ATSV Ranshofen"]

1.e4 c5 2.Nf3 e6 3.d4 cxd4 4.Nxd4 a6 5.Bd3 Qc7 6.O-O Nf6 7.Qe2 d6 8.Nc3 Nbd7
9.f4 Be7 10.Bd2 h5 11.Nb3 b5 12.Rae1 Ng4 13.g3 Bb7 14.h3 Qb6+ 15.Kg2 Ngf6 16.a4
b4 17.a5 Qa7 18.Nd1 d5 19.Nf2 dxe4 20.Nxe4 Rc8 21.Kh2 Ng4+ 22.hxg4 hxg4+ 23.Kg2
f5 24.Be3 Qa8 25.Nbd2 Nf6 26.Bf2 fxe4 27.Nxe4 Rc4 28.Bxc4 Bxe4+

[Event "2. Bundesliga West 2009/20010"]
[Site "Braunau"]
[Date "2009.10.24"]
[Round "2"]
[Board "5"]
[White "Dovzik, Juri"]
[Black "Scheiblmaier, Robert"]
[Result "1-0"]
[WhiteElo "2365"]
[BlackElo "2095"]
[PlyCount "83"]
[EventDate "2009.10.23"]
[EventType "team"]
[EventRounds "11"]
[EventCountry "AUT"]
[WhiteTeam "ATSV Ranshofen"]
[BlackTeam "ASK Salzburg"]

1.c4 e6 2.d4 d5 3.Nc3 c5 4.cxd5 exd5 5.Nf3 Nc6 6.g3 Nf6 7.Bg2 Be7 8.O-O O-O
9.dxc5 Bxc5 10.Bg5 d4 11.Bxf6 Qxf6 12.Nd5 Qd8 13.Nd2 Re8 14.Rc1 Bb6 15.Nc4 Be6
16.Nf4 Bf5 17.a3 Bc7 18.Nd3 Qe7 19.Re1 Be4 20.Bxe4 Qxe4 21.Nd2 Qe7 22.Nf3 Rad8
23.b4 Bb6 24.Qd2 a6 25.Rc2 f6 26.Nc5 Ne5 27.Nxe5 Bxc5 28.Nf3 Bb6 29.Qd3 Rd7
30.Rec1 Qe6 31.Rd2 Red8 32.Kg2 g6 33.Ne1 Kg7 34.Qf3 h5 35.h4 Kf7 36.Nd3 Qd5
37.Rdc2 Qxf3+ 38.Kxf3 Re7 39.Nf4 Re5 40.Rc8 Rd7 41.Rh8 Bc7 42.Rxc7

[Event "2. Bundesliga West 2009/20010"]
[Site "Braunau"]
[Date "2009.10.24"]
[Round "2"]
[Board "6"]
[White "Leeb, Hans-Peter"]
[Black "Enoeckl, Philipp"]
[Result "0-1"]
[WhiteElo "2153"]
[BlackElo "2216"]
[PlyCount "96"]
[EventDate "2009.10.23"]
[EventType "team"]
[EventRounds "11"]
[EventCountry "AUT"]
[WhiteTeam "ASK Salzburg"]
[BlackTeam "ATSV Ranshofen"]

1.c4 g6 2.Nf3 Bg7 3.g3 Nf6 4.Bg2 O-O 5.O-O Nc6 6.d4 d6 7.d5 Na5 8.Nfd2 c5 9.Nc3
a6 10.Qc2 Rb8 11.b3 b5 12.Bb2 Bf5 13.e4 Bd7 14.Rae1 e5 15.Nd1 bxc4 16.bxc4 h5
17.f4 h4 18.fxe5 Ng4 19.Nf3 Nxe5 20.Bxe5 Bxe5 21.Nxe5 dxe5 22.gxh4 Rb4 23.Ne3
Qxh4 24.Rb1 Qg5 25.Qf2 Nxc4 26.Nxc4 Rxc4 27.Rb7 Be8 28.d6 Rd4 29.Rb8 f5 30.exf5
Rd2 31.Rxe8 Rxf2 32.Rxf8+ Kxf8 33.Rxf2 gxf5 34.h4 Qe3 35.Bc6 c4 36.Kg2 f4 37.Rb2
Qg3+ 38.Kh1 Qxh4+ 39.Kg2 Qg4+ 40.Kf2 Qg3+ 41.Kf1 Qd3+ 42.Re2 f3 43.Bxf3 Qxf3+
44.Rf2 Qxf2+ 45.Kxf2 Ke8 46.Ke3 Kd7 47.Kd2 Kxd6 48.Kc3 Kc5

[Event "2. Bundesliga West 2009/20010"]
[Site "Tirol"]
[Date "2009.10.25"]
[Round "3"]
[Board "3"]
[White "Eybl, Alexander"]
[Black "Maurer, Jochen"]
[Result "1/2-1/2"]
[WhiteElo "2259"]
[BlackElo "2212"]
[PlyCount "61"]
[EventDate "2009.10.23"]
[EventType "team"]
[EventRounds "11"]
[EventCountry "AUT"]
[WhiteTeam "Rochade Rum"]
[BlackTeam "Hypo Kufstein"]

1.d4 Nf6 2.Bg5 d5 3.Bxf6 exf6 4.e3 Bd6 5.c4 dxc4 6.Bxc4 O-O 7.Nc3 Nd7 8.Nf3 f5
9.O-O Nf6 10.Qc2 c6 11.Rac1 Qe7 12.Rfd1 Bd7 13.Bf1 Ne4 14.g3 Rae8 15.Bg2 g6
16.a3 h5 17.Nxe4 fxe4 18.Ne5 Bxe5 19.dxe5 Bf5 20.Bxe4 Bxe4 21.Qxe4 Qxe5 22.Qxe5
Rxe5 23.Rd7 Rb5 24.b4 Re8 25.Rcd1 Ree5 26.Rc7 Red5 27.Rxd5 cxd5 28.Kg2 Kg7 29.h4
Kf6 30.Kf3 a5 31.bxa5

[Event "2. Bundesliga West 2009/20010"]
[Site "Tirol"]
[Date "2009.10.25"]
[Round "3"]
[Board "4"]
[White "Rusche, Johannes"]
[Black "Hengl, Christian"]
[Result "1/2-1/2"]
[WhiteElo "2170"]
[BlackElo "2225"]
[PlyCount "60"]
[EventDate "2009.10.23"]
[EventType "team"]
[EventRounds "11"]
[EventCountry "AUT"]
[WhiteTeam "Hypo Kufstein"]
[BlackTeam "Rochade Rum"]

1.e4 e6 2.d4 d5 3.Bd3 dxe4 4.Bxe4 Nf6 5.Bf3 c5 6.c3 Nc6 7.Ne2 e5 8.Bg5 cxd4
9.Bxc6+ bxc6 10.cxd4 exd4 11.Bxf6 Qxf6 12.Qxd4 Qxd4 13.Nxd4 Bc5 14.Nb3 Bb4+
15.N1d2 Ba6 16.O-O-O O-O-O 17.a3 Bd6 18.Rhe1 Bd3 19.g3 Bg6 20.Nc4 Bc7 21.Nba5
Bxa5 22.Nxa5 Rxd1+ 23.Kxd1 Rd8+ 24.Kc1 Rd5 25.b4 Kd7 26.Nb3 Kd6 27.Re8 Re5
28.Rd8+ Kc7 29.Rd2 f6 30.Nc5 Re7